O mistério das bonecas holandesas (Registo nº 2225)

Detalhes MARC
000 -Etiqueta do registo
Cabeçalho 00999nam a22003251 4500
005 - Identificador da versão
Campo de controlo 20240813121928.0
095 ## -
-- PTBN00161617
010 ## - Número internacional normalizado dos livros (ISBN)
Número (ISBN) 9722100416
021 ## - Número do Depósito Legal
Código do país PT
Número 23515/88
100 ## - Dados gerais de processamento
Dados gerais de processamento 19980910d1991 da y0pory5003 ba
102 ## - Pais de publicação ou produção
País de publicação Portugal
101 0# - Língua de publicação
Língua do texto, banda sonora, etc. Português
106 ## - Campo de dados codificados: material textual
Dados codificados do material textual r
105 ## - Campo de dados codificados: livros
Dados codificados dos livros a z 000ay
215 ## - Descrição física 
Indicação específica da natureza do documento e extensão da espécie 149 p.
Outras indicações físicas il.
Dimensões 18 cm
200 1# - Titulo e menção de responsabilidade
Título próprio O mistério das bonecas holandesas
Primeira menção de responsabilidade Carlos Correia, Maria Alberta Menéres, Natércia Rocha
Outras menções de responsabilidade il. João do Cimo
225 2# - Colecção 
Título próprio da colecção 1001 detectives
Indicação de volume 4
205 ## - Menção da edição
Menção da edição 2ª ed.
210 ## - Publicação, Distribuição, etc. 
Lugar da edição, distribuição, etc. Lisboa
Nome do editor, distribuidor, etc. Caminho
Data da publicação, distribuição, etc. imp. 1991
606 ## - Nome comum usado como assunto
Número de registo de entrada de autoridade 0001020
Palavra de ordem Literatura portuguesa infanto-juvenil
Subdivisão de assunto Romance de aventuras
675 ## - Classificação Decimal Universal (CDU)
Notação 821.134.3-311.3
702 #1 - Nome de autor-pessoa física (responsabilidade secundária)
Número de registo de entrada de autoridade 0001043
Palavra de ordem Cimo
Outra parte do nome não tomada para palavra de ordem João do
Código de função Ilustrador / Técnico de desenho computorizado
701 #1 - Nome de autor-pessoa física (co-responsabilidade principal)
Palavra de ordem Menéres
Outra parte do nome não tomada para palavra de ordem Maria Alberta
Datas 1930-
Código de função Autor / Co-autor
Palavra de ordem Rocha
Outra parte do nome não tomada para palavra de ordem Natércia
Datas 1924-2004
Código de função Autor / Co-autor
700 #1 - Nome de autor-pessoa física (responsabilidade principal)
Número de registo de entrada de autoridade 0001042
Palavra de ordem Correia
Outra parte do nome não tomada para palavra de ordem Carlos
942 ## - Elementos de entrada adicionados (Koha)
Tipo de item no Koha Livro
Exemplares
Situação do levantamento Origin of item (home branch) (coded) Biblioteca de empréstimo Código de barras Cota Circulation type (not for loan) Tipo de documento Nota do exemplar Damaged status
  Biblioteca Escolar da Coca Maravilhas Biblioteca Escolar da Coca Maravilhas BECM3559/98 8POR COR   Livro Sem mensagem